Name Every Dallas Cowboys Starting QB ever. - Statistics

General Stats
  • This quiz has been taken 31 times
  • The average score is 12 of 44
Answer Stats
Years with Dallas Player # of Games Started % Correct
2016-Present Dak Prescott 122
100%
1989-2000 Troy Aikman 165
100%
2004-2016 Tony Romo 127
96%
1969-1979 Roger Staubach 114
93%
2017-Present Cooper Rush 8
81%
2020 Andy Dalton 9
63%
1976-1988 Danny White 92
52%
2005-2006 Drew Bledsoe 22
52%
2020 Ben DiNucci 1
37%
1965-1974 Craig Morton 47
37%
1960-1968 Don Meredith 83
37%
2007-2008 Brad Johnson 3
26%
1993-1999 Jason Garrett 9
26%
2015 Kellen Moore 2
26%
2015 Matt Cassel 7
26%
2001-2003 Quincy Carter 31
26%
2000 Randall Cunningham 3
26%
2004 Vinny Testaverde 15
26%
1960-1963 Eddie LeBaron 28
22%
2010-2011 Jon Kitna 9
22%
2020 Garrett Gilbert 1
19%
2014-2015 Brandon Weeden 4
15%
2000-2003 Chad Hutchinson 9
15%
2004 Drew Henson 1
15%
1980-1985 Gary Hogeboom 12
15%
1984-1988 Steve Pelluer 27
15%
2001 Ryan Leaf 3
11%
2010-2011 Stephen McGee 1
11%
2000-2001 Anthony Wright 5
7%
1989-1990 Babe Laufenburg 1
7%
1993 Bernie Kosar 1
7%
1974-1975 Clint Longley 1
7%
1978-1983 Green Carano 1
7%
1965-1968 Jerry Rhome 3
7%
1964 John Roach 4
7%
1987-1988 Kevin Sweeney 4
7%
2012-2013 Kyle Orton 1
7%
1986 Reggie Collier 1
7%
1989-1990 Steve Walsh 5
7%
1995-1997 Wade Wilson 1
7%
2000-2001 Clint Stoerner 2
4%
1960 Don Heinrich 1
4%
1994 Rodney Peete 1
4%
1991-1992 Steve Beuerlein 4
4%
No matching quizzes found
Score Distribution
Percent of People with Each Score
Percentile by Number Answered
Your Score History
You have not taken this quiz